endgame heros - Statistics

General Stats
  • This quiz has been taken 178 times
    171 since last reset
  • The average score is 18 of 21
Answer Stats
name hero % Correct
steve rogers captain america
100%
tony stark iron man
100%
bruce banner professor hulk
100%
scott lang antman
99%
t'challa black panther
99%
natasha romanoff black widow
99%
'tree' groot
99%
peter parker spider-man
99%
racoon rocket
98%
odinson thor
98%
clint barton hawkeye
97%
peter quill star-lord
97%
wanda maximoff scarlet witch
95%
carol danvers captain marvel
94%
sam wilson falcon
93%
bucky barnes winter soldier
93%
james rhodes war machine
91%
hope van dyne wasp
83%
pepper potts rescue
53%
arthur douglas drax
37%
pineapple pineapple
15%
No matching quizzes found
Score Distribution
Percent of People with Each Score
Percentile by Number Answered
Your Score History
You have not taken this quiz since the last reset